| 000 | 00455nam a2200193Ia 4500 | ||
|---|---|---|---|
| 005 | 20250425160714.0 | ||
| 008 | 250425s9999 xx 000 0 und d | ||
| 041 | _aeng | ||
| 082 | _a428 | ||
| 110 | _aENGLISH LANGUAGE SERVICES | ||
| 245 | 0 | _aENGLISH 900 WORKBOOK FIVE | |
| 250 | _a3TH ED. | ||
| 260 |
_aEstados Unidos _bTHE MACMILLAN _c1964 |
||
| 260 | _aWASHINGTON | ||
| 300 | _a50 | ||
| 650 | _aINGLES BASICO | ||
| 942 | _c01 | ||
| 010 | _a3004 | ||
| 999 |
_c194512 _d194512 |
||